| 000 | 00450cam a22001451i 4500 | ||
|---|---|---|---|
| 020 | _a9781422172810 (alk. paper) | ||
| 040 | _cDLC | ||
| 082 | 0 | 0 | _a658 RIT 2013 A113 Or. |
| 100 | 1 | _aMcGrath, Rita Gunther. | |
| 245 | 1 | 4 |
_aThe end of competitive advantage : _bhow to keep your strategy moving as fast as your business / |
| 300 |
_axviii, 204 pages : _billustrations ; _c25 cm |
||
| 650 | 0 | _aStrategic planning. | |
| 650 | 0 | _aCompetition. | |
| 942 | _cEK | ||
| 999 |
_c17390 _d17390 |
||